[Event "CHI-ch sf"]
[Site "Vina del Mar"]
[Date "2022.02.10"]
[Round "3"]
[White "Larrain Cortes, Eugenio Esteban"]
[Black "Vasquez Vasquez, Sebastian Ignacio"]
[Result "0-1"]
[WhiteElo "1941"]
[BlackElo "1726"]
[PlyCount "46"]
[EventDate "2022.02.08"]
[EventType "swiss"]
[EventRounds "8"]
[EventCountry "CHI"]
[SourceTitle "CBM 207 Extra"]
[Source "ChessBase"]
[SourceDate "2022.05.31"]
[SourceVersion "1"]
[SourceVersionDate "2022.05.31"]
[SourceQuality "1"]

1. e4 g6 2. d4 Bg7 3. Nc3 d5 4. exd5 Nf6 5. Bb5+ Nbd7 6. Qf3 0-0 7. Bc4 Nb6 8. Bb3 Re8 9. Nge2 Bg4 10. Qg3 Bxe2 11. Nxe2 Nbxd5 12. c4 Nb4 13. Ba4 c6 14. a3 Na6 15. Be3 Ne4 16. Qf3 Qa5+ 17. b4 Qxa4 18. Qxe4 Nxb4 19. Kd2 Na6 20. Rhc1 e5 21. Qh4 exd4 22. Bh6 Qa5+ 23. Kd1 d3 0-1

[Event "FISU World University"]
[Site "Tornelo INT"]
[Date "2020.10.27"]
[Round "4.15"]
[White "Chen, Jinghua"]
[Black "Vasquez Vasquez, Sebastian Ignacio"]
[Result "1-0"]
[WhiteElo "1690"]
[BlackElo "1726"]
[PlyCount "143"]
[EventDate "2020.10.26"]
[EventType "team-swiss (rapid)"]
[EventRounds "9"]
[EventCountry "NET"]
[SourceTitle "CBM 199 Extra"]
[Source "ChessBase"]
[SourceDate "2021.01.31"]
[SourceVersion "1"]
[SourceVersionDate "2021.01.31"]
[SourceQuality "1"]
[WhiteTeam "China II"]
[BlackTeam "Chile II"]
[WhiteTeamCountry "CHN"]
[BlackTeamCountry "CHI"]

1. e4 g6 2. d4 Bg7 3. c4 d6 4. Nc3 Nf6 5. Nge2 0-0 6. g3 c6 7. Bg2 e5 8. dxe5 dxe5 9. 0-0 Be6 10. b3 Qd7 11. a4 Na6 12. Ba3 Rfd8 13. Qxd7 Nxd7 14. Rad1 Ndc5 15. b4 Nb3 16. c5 Bc4 17. Rfe1 Nd4 18. Nxd4 exd4 19. b5 Nc7 20. b6 Ne6 21. Nb1 axb6 22. Nd2 Rxa4 23. Nxc4 Rxc4 24. cxb6 Ra4 25. Rd3 c5 26. Bc1 Ra1 27. Kf1 c4 28. Rdd1 c3 29. e5 d3 30. Bxb7 d2 31. Bxd2 Rxd1 32. Rxd1 c2 33. Rc1 Rxd2 34. Ke1 Bh6 35. f4 Rxh2 36. Be4 Nd4 37. b7 Re2+ 38. Kf1 Rxe4 39. b8Q+ Bf8 40. Qb2 Nf5 41. Rxc2 Ne3+ 42. Kg1 Nxc2 43. Qxc2 Rb4 44. Kf2 h5 45. Kg2 Rb8 46. Qc7 Rb2+ 47. Kh3 Re2 48. Qd8 Kg7 49. Qf6+ Kg8 50. Qd8 Kg7 51. Qd3 Ra2 52. f5 g5 53. f6+ Kh6 54. Qe3 Bc5 55. Qc1 Ba3 56. Qh1 Bc5 57. g4 Ra3+ 58. Kg2 Ra2+ 59. Kf3 h4 60. Ke4 Rd2 61. e6 Rd4+ 62. Ke5 Rd2 63. e7 Bd6+ 64. Ke4 Re2+ 65. Kd5 Rd2+ 66. Kc6 Bf4 67. e8Q Rc2+ 68. Kd5 Rd2+ 69. Kc4 Rc2+ 70. Kb3 Rd2 71. Qh8+ Kg6 72. Qg7# 1-0

[Event "FISU World University"]
[Site "Tornelo INT"]
[Date "2020.10.26"]
[Round "2.31"]
[White "Sathma, Devni"]
[Black "Vasquez Vasquez, Sebastian Ignacio"]
[Result "0-1"]
[WhiteElo "1299"]
[BlackElo "1726"]
[PlyCount "76"]
[EventDate "2020.10.26"]
[EventType "team-swiss (rapid)"]
[EventRounds "9"]
[EventCountry "NET"]
[SourceTitle "CBM 199 Extra"]
[Source "ChessBase"]
[SourceDate "2021.01.31"]
[SourceVersion "1"]
[SourceVersionDate "2021.01.31"]
[SourceQuality "1"]
[WhiteTeam "Sri Lanka V"]
[BlackTeam "Chile II"]
[WhiteTeamCountry "SRI"]
[BlackTeamCountry "CHI"]

1. c4 g6 2. Nc3 Bg7 3. e3 d6 4. g3 Nf6 5. Bg2 e5 6. Nge2 0-0 7. 0-0 c6 8. b3 Re8 9. Bb2 d5 10. cxd5 cxd5 11. d4 e4 12. Nf4 Bg4 13. Qd2 Nc6 14. Rac1 a5 15. Ba3 Qd7 16. Na4 Qc7 17. Bc5 Ra6 18. Rfe1 g5 19. Nh3 h6 20. Bf1 Raa8 21. Kh1 Bf3+ 22. Bg2 Rab8 23. Bb6 Qc8 24. Ng1 g4 25. Bxa5 Qf5 26. Bc7 Rbc8 27. Bb6 h5 28. Ne2 Bh6 29. Nf4 Bxf4 30. exf4 Kg7 31. Nc3 Rh8 32. Ne2 h4 33. Ng1 hxg3 34. fxg3 Qh5 35. Bxf3 gxf3 36. Qf2 Ng4 37. Qb2 Qxh2+ 38. Qxh2 Rxh2# 0-1

[Event "South America-ch U16 13th"]
[Site "Santiago de Chile"]
[Date "2016.12.03"]
[Round "4"]
[White "Vasquez Vasquez, Sebastian Ignacio"]
[Black "Touret Hidalgo, Jean Paul"]
[Result "1/2-1/2"]
[WhiteElo "1530"]
[BlackElo "1871"]
[PlyCount "125"]
[EventDate "2016.12.01"]
[EventType "swiss"]
[EventRounds "9"]
[EventCountry "CHI"]
[SourceTitle "EXT 2018"]
[Source "ChessBase"]
[SourceDate "2017.10.13"]
[SourceVersion "1"]
[SourceVersionDate "2017.10.13"]
[SourceQuality "1"]

1. e4 c5 2. Nf3 d6 3. b3 Nf6 4. Bb5+ Nbd7 5. Nc3 a6 6. Bxd7+ Bxd7 7. h3 e6 8. Bb2 Be7 9. 0-0 Qc7 10. Re1 0-0 11. d3 Bc6 12. Qe2 Rfe8 13. Nb1 b5 14. Nbd2 Qb7 15. Rab1 d5 16. Ne5 d4 17. f4 Nd7 18. Ndf3 f6 19. Nxc6 Qxc6 20. Qf2 Nf8 21. Re2 Qc7 22. Bc1 Ng6 23. g3 a5 24. Nh2 b4 25. Bd2 a4 26. Rbe1 Qd7 27. Qg2 axb3 28. axb3 Ra2 29. Bc1 Bd8 30. h4 Nh8 31. g4 Rf8 32. Nf1 Bc7 33. h5 Nf7 34. f5 Ne5 35. Nh2 exf5 36. gxf5 Kh8 37. Nf3 Qf7 38. Qh3 Rfa8 39. Rg2 Nxf3+ 40. Qxf3 Ra1 41. Kh1 Bd6 42. Reg1 Bf8 43. Qg4 h6 44. Bf4 Rxg1+ 45. Rxg1 Ra2 46. Rg2 Be7 47. e5 Ra1+ 48. Kh2 fxe5 49. Bxe5 Bf6 50. Bxf6 Qxf6 51. Re2 Qd6+ 52. Kg2 Qc6+ 53. Qe4 Qxe4+ 54. Rxe4 Rc1 55. Re2 Kg8 56. Kg3 Kf7 57. Kf4 Rf1+ 58. Kg4 Rg1+ 59. Kf4 Rf1+ 60. Ke5 Rf3 61. Ke4 Rf1 62. Ke5 Ke7 63. Ke4 1/2-1/2

[Event "South America-ch U16 13th"]
[Site "Santiago de Chile"]
[Date "2016.12.02"]
[Round "2"]
[White "Vasquez Vasquez, Sebastian Ignacio"]
[Black "Sanchez Ibanez, Benjamin Hector"]
[Result "1-0"]
[WhiteElo "1530"]
[BlackElo "1355"]
[PlyCount "53"]
[EventDate "2016.12.01"]
[EventType "swiss"]
[EventRounds "9"]
[EventCountry "CHI"]
[SourceTitle "EXT 2018"]
[Source "ChessBase"]
[SourceDate "2017.10.13"]
[SourceVersion "1"]
[SourceVersionDate "2017.10.13"]
[SourceQuality "1"]

1. e4 c5 2. Nc3 Nc6 3. f4 d6 4. Bb5 Bd7 5. Bxc6 Bxc6 6. Nf3 Nf6 7. d3 e6 8. 0-0 Be7 9. e5 Nd5 10. Ne4 f5 11. Nxd6+ Bxd6 12. exd6 Qxd6 13. Ne5 0-0-0 14. Nf7 Qc7 15. Nxd8 Qxd8 16. Qe1 Qd6 17. Bd2 Nb4 18. Qe3 Qd5 19. Rf2 Kb8 20. Re1 Re8 21. Qe5+ Qxe5 22. Rxe5 Kc7 23. Rfe2 Bd5 24. Bxb4 cxb4 25. Rxd5 exd5 26. Rxe8 Kd7 27. Rg8 1-0

[Event "South America-ch U16 13th"]
[Site "Santiago de Chile"]
[Date "2016.12.01"]
[Round "1"]
[White "Donoso Diaz, Sebastian"]
[Black "Vasquez Vasquez, Sebastian Ignacio"]
[Result "1-0"]
[WhiteElo "2093"]
[BlackElo "1530"]
[PlyCount "67"]
[EventDate "2016.12.01"]
[EventType "swiss"]
[EventRounds "9"]
[EventCountry "CHI"]
[SourceTitle "EXT 2018"]
[Source "ChessBase"]
[SourceDate "2017.10.13"]
[SourceVersion "1"]
[SourceVersionDate "2017.10.13"]
[SourceQuality "1"]

1. e4 d6 2. d4 Nf6 3. Nc3 g6 4. Be3 Bg7 5. h3 c5 6. dxc5 Qa5 7. Bb5+ Bd7 8. Bxd7+ Nbxd7 9. cxd6 Nxe4 10. Bd4 e5 11. Qd3 0-0 12. Be3 Nxc3 13. Qxc3 Qd5 14. Ne2 Qxg2 15. 0-0-0 Rfc8 16. Qb3 Qc6 17. Nc3 Bf8 18. h4 Bxd6 19. Qd5 Qxd5 20. Rxd5 Bb4 21. Rxd7 Bxc3 22. bxc3 Rxc3 23. Rxb7 Rac8 24. Rb2 a5 25. Bd2 Rf3 26. Bxa5 Rxf2 27. Re1 Re8 28. Bc3 f6 29. a4 e4 30. a5 e3 31. a6 Ra8 32. Rxe3 Rxa6 33. Rb7 Rf1+ 34. Kb2 1-0